Statistics for Stations on the Glasgow Subway (with map)

Click here to take the quiz!

General Stats

  • This quiz has been taken 58 times
  • The average score is 11 of 15

Answers on the Map

Answers color-coded by a green-red scale on the quiz's map according to % correct below.
Loading ...
 

Answer Stats

Station% Correct
St. Enoch
86%
Partick
84%
Ibrox
84%
Buchanan Street
82%
Govan
78%
Cowcaddens
76%
Hillhead
70%
Kelvinbridge
70%
Kelvinhall
68%
St. Georges Cross
66%
Kinning Park
64%
West Street
64%
Bridge Street
60%
Cessnock
60%
Shields Road
58%

Score Distribution

Percentile by Number Answered

Percent of People with Each Score

Your Score History

You have not taken this quiz